000 00277nam a22001337a 4500
008 210304b ||||| |||| 00| 0 eng d
020 _a9781601530288
041 _aeng
080 _a510
100 _a36
101 _aMAT
245 _aAlgebra I
_cThomas,P
942 _2udc
_cBK
999 _c55770
_d55770